Вып. 13; Геология угольных месторождений

Bibliographic Details
Parent link:Геология угольных месторождений: межвузовский научный тематический сборник/ Уральская государственная горно-геологическая академия; под ред. В. П. Алексеева. Вып. 13.— , 2000-
Language:Russian
Published: 2003
Subjects:
Format: Book
KOHA link:https://koha.lib.tpu.ru/cgi-bin/koha/opac-detail.pl?biblionumber=64521

MARC

LEADER 00000nam2a2200000 4500
001 64521
005 20231031065706.0
035 |a (RuTPU)RU\TPU\book\68469 
090 |a 64521 
100 |a 20040602d2003 k y0rusy50 ca 
101 0 |a rus 
102 |a RU 
105 |a a z 000zd 
200 0 |a Вып. 13 
210 |d 2003 
215 |a 330 с.  |c ил. 
461 1 |0 (RuTPU)RU\TPU\book\54785  |t Геология угольных месторождений  |o межвузовский научный тематический сборник  |f Уральская государственная горно-геологическая академия; под ред. В. П. Алексеева  |v Вып. 13  |d 2000-  
600 1 |a Яншин  |g Александр Леонидович  |c российский геолог  |f 1911-1999  |b А. Л.  |2 stltpush  |3 (RuTPU)RU\TPU\pers\1173 
606 1 |a Угольные месторождения  |x Геология  |2 stltpush  |3 (RuTPU)RU\TPU\subj\62689 
607 |a Россия 
607 |a Украина 
610 1 |a твердые горючие ископаемые 
610 1 |a уголь 
610 1 |a углевмещающие отложения 
610 1 |a изучение 
610 1 |a угольные ресурсы 
610 1 |a отработка 
610 1 |a состав 
610 1 |a свойства 
675 |a 553.94  |v 3 
801 1 |a RU  |b 63413507  |c 20040602  |g PSBO 
801 2 |a RU  |b 63413507  |c 20150917  |g PSBO 
942 |c BK